Guess the 1960s song lyrics #161 - Statistics

General Stats
  • This quiz has been taken 13 times
  • The average score is 118 of 184
Answer Stats
Answer % Correct
a
100%
I
100%
in
100%
it
100%
and
91%
the
91%
you
91%
me
82%
on
82%
baby
73%
keep
73%
Keep
73%
dancin
64%
how
64%
now
64%
Come
55%
show
55%
doin
45%
Shake
45%
shake
45%
yeah
45%
Don't
36%
jerk
36%
little
36%
prancin
36%
yes
36%
babe
27%
work
27%
Locomotion
18%
locomotion
18%
motion
18%
right
18%
ah
9%
Gentrys
9%
worry
9%
Yellin
9%
No matching quizzes found
Score Distribution
Percent of People with Each Score
Percentile by Number Answered
Your Score History
You have not taken this quiz